000 00624nam a2200229Ia 4500
005 20241129111332.0
008 241129s9999||||xx |||||||||||||| ||und||
020 _a978-9957-99-351-2
037 _aTB
040 _aCRL
_beng
_cCRL
041 _aara
_2ara
084 _aO28(Y11):g Q5
_qCRL
100 _aHamadi Abdul Mehmood
_9724117
245 0 _aMadkhil ali adab al atfal
_cHamadi Abdul Mehmood
260 _c2015
300 _a224p.
365 _aINR
_b1365
546 _aTranslated from Bengali to English
650 _aArabic Literature
942 _cTB
_hO28(Y11):g Q5
999 _c1229980
_d1229980